| 000 | 00742cam a2200133 4500500 | ||
|---|---|---|---|
| 005 | 20251214002630.0 | ||
| 041 | _afre | ||
| 042 | _adc | ||
| 100 | 1 | 0 |
_aHubert, Marie-Claude _eauthor |
| 245 | 0 | 0 | _aHistoire de la scène occidentale |
| 260 |
_bArmand Colin,
_c2011. |
||
| 520 | _aArt du temps, mais aussi art du spectacle, le théâtre se joue dans l’espace. Une transformation des conditions de la représentation infléchit la dramaturgie vers des voies nouvelles. De l’Antiquité à nos jours, trois grandes solutions ont été exploitées en Occident, qui correspondent à trois formes de dramaturgie. | ||
| 856 | 4 | 1 | _uhttps://shs.cairn.info/histoire-de-la-scene-occidentale--9782200270230?lang=fr&redirect-ssocas=7080 |
| 999 |
_c1567225 _d1567225 |
||